000 00801nam a22002777a 4500
001 3593
003 FISKH
005 20240321153839.0
008 240321b cb ||||| |||| 00| 0 eng d
020 _a9780545282444
040 _aFISKH
_beng
_cFISKH
_dFISKH
050 _a509
082 _aPZ7
100 _aRothman, Cynthia
_eauthor
245 _aReady Freddy /
_cby Cynthia Rothman ; illustrated by Cale Atkinson
260 _aNew York :
_bScholastic ,
_c2010
300 _a8 pages :
_bcolor illustrations ;
_c20 cm .
505 _aC
520 _aWhat does Freddy need to play in the snow?
521 8 _a130
_bLexile
521 8 _aC
_bRaz-Plus
650 _asnow
_vJuvenile fiction
700 _aAtkinson, Cale
_eillustrator
942 _2ddc
_cBK
_n0
999 _c3593
_d3593